000 01220nmc a2200409 a 4500
003 AR-BaBNM
005 20251128210012.0
008 078119s1998 ||||||||||||||000 | spa||
020 _a968-853-382-3
040 _cAR-BaBNM
245 1 0 _aEl traspatio escolar
_buna mirada al aula desde el sujeto
250 _a1ª ed.
260 _aMéxico, D.F.
_aBuenos Aires
_bPaidós
_c1998
300 _a182 p.
490 0 _aMaestros y enseñanza
_vv. 1
500 _aReferencias bibliográficas al final de cada capítulo
650 4 _aESCUELAS
650 4 _aALUMNOS
650 4 _aRELACION ESCUELA-ALUMNOS
650 4 _aPARTICIPACION DEL ALUMNO
650 4 _aCARACTERISTICAS DEL ALUMNO
650 4 _aACTITUD DEL ALUMNO
650 4 _aPRAXIS EDUCATIVA
650 4 _aPROCESO DE APRENDIZAJE
650 4 _aTEORIAS DEL APRENDIZAJE
650 4 _aSUBJETIVIDAD
650 4 _aCURRICULO
653 _aEXPERIENCIAS DE APRENDIZAJE
653 _aINTERACCION EDUCATIVA
700 1 _aToledo Hermosillo, María Eugenia
700 1 _aSosa Peinado, Eurídice
700 1 _aAguilar Hernández, Citlali
700 1 _aColín Cabrera, Araceli
800 1 _aAlvarez Manilla, Laura
942 _cBK
998 _cRAQUEL
999 _c13659
_d13659